000 00680nam a2200205 a 4500
003 CBULib
005 20250529074628.0
008 091216s1995 ||||||||||||||||| || u
040 _aCBULib
_bEnglish
_cCBULib
_dCBULib
_erda
050 _aPAPERS/STAFF/KAB/1995
100 _aKabeta, H. M
245 1 0 _aReport on the trip to Shangai, China and Nairobi, Kenya
_c/by H.M.Kabeta
260 _aKitwe
_bCoppereblt University, School of Business
_c1995
300 _a8pages
336 _2rdacontent
_aText |
_btxt
337 _2rdamedia
_aUnmediated |
_bn
338 _2rdacarrier
_aVolume
_bnc
942 _2mc
_c023
999 _c56236
_d56236